000 01021nam0a22002771 4500
001 rc\201429
005 20250620231241.0
010 _a5-211-02382-X
_9345
035 _a(NLR Aleph) 005454393
090 _a4891362
_c4891362
100 _a20030307d1992 |||y0rusy50 ca
101 0 _arus
102 _aRU
105 _aa |||||||||
200 1 _aСтруктурная геология магматических массивов
_fВ.Г. Тихомиров, Б.Я. Журавлев, Т.О. Федоров
_gПод ред. В.Г. Тихомирова
210 _aМ.
_cИзд-во МГУ
_d1992
215 _a213, [2] с.
_cил.
_d22
320 _aБиблиогр.: с. 206-212
700 1 _aТихомиров
_bВ.Г.
_gВладимир Григорьевич
701 1 _aЖуравлев
_bБ.Я.
_gБорис Яковлевич
701 1 _aФедоров
_bТ.О.
_gТеодор Осипович
801 0 _aRU
_bNLR
_gpsbo
801 1 _aRU
_bELAR
_2rusmarc
852 _aNLR
_j92-5/1835
942 _cBOOK
980 _aNB